Statistics for Movies by Letter - E

Click here to take the quiz!

General Stats

  • This quiz has been taken 28 times
  • The average score is 10 of 25

Answer Stats

HintAnswer% Correct
What Brad Pitt constantly does in Ocean's Eleveneat
88%
Star of A Fistful of Dollars and director of Million Dollar BabyClint Eastwood
84%
Features Cate Blanchett as an English monarchElizabeth
84%
Captain Kirk's starshipEnterprise
84%
Mononymic star of Viva Las VegasElvis
80%
The first collaboration between Johnny Depp and Tim BurtonEdward Scissorhands
72%
Diminutive warriors in Return of the JediEwoks
72%
Each installment of a series or serialepisode
68%
Black and white 1980 film about the disabled John MerrickThe Elephant Man
68%
Inventor of the kinetoscope (or at least held the patent)Thomas Edison
56%
In 1999 he got lost in GrouchlandElmo
44%
The moon home of the aboveEndor
40%
Star of Prometheus, Beasts of No Nation, and Mandela: Long Walk to FreedomIdris Elba
40%
Daredevil's sometimes rival and love interestElektra
36%
Says goodbye with, "I'll be right here."E.T.
32%
Presented a weekly television show of B-horror films in the early 1980sElvira
24%
David Lynch's first film, about Henry SpencerEraserhead
24%
Director of Battleship Potemkin and champion of Soviet montageSergei Eisenstein
20%
Ang Lee film about a chef and his three adult daughtersEat Drink Man Woman
8%
Alexandr Dovzhenko's 1930 ode to communal farmingEarth
4%
American name of Louis Malle's film known in England as Lift to the ScaffoldElevator to the Gallows
4%
Pete's dragonElliott
4%
Three films—Him, Her, and Them—tell one story: The Disappearance of _____________Eleanore Rigby
0%
2012 Rebecca Thomas film in which Julia Garner escapes a polygamous compoundElectrick Children
0%
Substrate of film that responds to lightemulsion
0%

Score Distribution

Percentile by Number Answered

Percent of People with Each Score

Your Score History

You have not taken this quiz